Billie Eilish - WHEN I WAS OLDER Lyrics - Statistics

General Stats
  • This quiz has been taken 83 times
  • The average score is 185 of 242
Answer Stats
Answer % Correct
I
100%
older
100%
was
100%
When
100%
a
98%
an
96%
And
94%
and
94%
I'm
94%
On
94%
on
94%
be
92%
it
92%
my
92%
open
92%
the
92%
sailor
90%
sea
90%
you
90%
ever
88%
all
87%
All
87%
back
87%
is
87%
now
87%
skin
87%
then
87%
we
85%
We
85%
But
83%
in
83%
In
83%
paler
83%
should
83%
underwater
83%
again
81%
Than
81%
do
79%
of
79%
like
77%
see
77%
to
77%
time
75%
for
73%
best
71%
friends
71%
Where
71%
how
67%
more
67%
remain
67%
bend
65%
Dreaming
65%
place
65%
Can
63%
Even
63%
far
63%
this
63%
after
62%
been
62%
Been
62%
got
62%
It's
62%
movies
62%
never
62%
over
62%
pretend?
62%
watching
62%
whit
62%
Before
60%
black
60%
Guess
60%
middle
60%
Seen
60%
white
60%
caught
58%
Hmm...
58%
any
56%
anybody
56%
better
56%
breaks
56%
ends
56%
fire
54%
forest
54%
seeming
54%
blood
52%
burn
52%
half
52%
know
52%
Memories
52%
don't
50%
goin'
50%
I've
50%
overdue
50%
little
48%
Nobody
46%
own
46%
rain
46%
You'd
46%
new
44%
endeavors
42%
flood
42%
funeral
42%
Heavy
42%
lonely
42%
mud
42%
really
42%
turns
42%
Yes
42%
bad
40%
taught
40%
pyre
38%
guys
37%
limelight
37%
right
37%
victim
37%
sympathize
33%
whether
33%
eyes
31%
still
31%
yeah
29%
villain
25%
bens
8%
No matching quizzes found
Score Distribution
Percent of People with Each Score
Percentile by Number Answered
Your Score History
You have not taken this quiz